| 000 | 00580nam a22002177a 4500 | ||
|---|---|---|---|
| 003 | UA-OsUOA | ||
| 001 | 74147 | ||
| 007 | ta | ||
| 008 | 20110328b un ||||| |||| 00| 0 ukr d | ||
| 100 | _aКосів М. | ||
| 090 |
_a2 _bК71 |
||
| 942 | _cSA | ||
| 040 |
_aUA-OsUOA _bukr _cUA-OsUOA _dUA-OsUOA |
||
| 245 | _aІсус із Назарета як постать історична, літературна і Євангельська | ||
| 300 | _aС.10 | ||
| 955 | _a0 | ||
| 041 | _aukr | ||
| 080 | _a2 | ||
| 773 | 0 | _w74144 | |
| 650 | 7 |
_a2 Релігія. Теологія. _2UDC |
|
| 999 |
_c360436 _d360436 |
||